[Event "Stay Safe Play From Home 288"]
[Site "Emanuel Lasker Arena"]
[Date "2020.07.08"]
[Round "1"]
[White "Position"]
[Black "Erdema"]
[Result "1-0"]
[WhiteElo "1996"]
[BlackElo "1485"]
[PlyCount "89"]
[EventDate "2020.07.08"]
[EventType "swiss (blitz)"]

1. e4 {[%emt 0:00:01]} e5 {[%emt 0:00:02]} 2. Nf3 {[%emt 0:00:02]} Nc6 {[%emt 0:00:01]} 3. Bc4 {[%emt 0:00:02]} Bc5 {[%emt 0:00:02]} 4. O-O {[%emt 0:00:02]} h6 {[%emt 0:00:02]} 5. d3 {[%emt 0:00:01]} Nf6 {[%emt 0:00:02]} 6. c3 {[%emt 0:00:01]} d6 {[%emt 0:00:02]} 7. h3 {[%emt 0:00:01]} O-O {[%emt 0:00:02]} 8. Nbd2 {[%emt 0:00:02]} d5 {[%emt 0:00:02]} 9. Bb3 {[%emt 0:00:03]} dxe4 {[%emt 0:00:02]} 10. dxe4 {[%emt 0:00:01]} Be6 {[%emt 0:00:06]} 11. Qe2 {[%emt 0:00:02]} Bxb3 {[%emt 0:00:03]} 12. axb3 {[%emt 0:00:02]} a6 {[%emt 0:00:03]} 13. b4 {[%emt 0:00:01]} Bb6 {[%emt 0:00:04]} 14. Nc4 {[%emt 0:00:01]} Ba7 {[%emt 0:00:04]} 15. Rd1 {[%emt 0:00:03]} Qe7 {[%emt 0:00:03]} 16. Be3 {[%emt 0:00:01]} Bxe3 {[%emt 0:00:03]} 17. Nxe3 {[%emt 0:00:01]} Rad8 {[%emt 0:00:01]} 18. Nf5 {[%emt 0:00:02]} Qe6 {[%emt 0:00:06]} 19. Ng3 {[%emt 0:00:17]} Rxd1+ {[%emt 0:00:05]} 20. Rxd1 {[%emt 0:00:02]} Rd8 {[%emt 0:00:01]} 21. Rxd8+ {[%emt 0:00:02]} Nxd8 {[%emt 0:00:02]} 22. b5 {[%emt 0:00:00]} axb5 {[%emt 0:00:03]} 23. Qxb5 {[%emt 0:00:00]} c6 {[%emt 0:00:02]} 24. Qb6 {[%emt 0:00:02]} Qd7 {[%emt 0:00:02]} 25. Nxe5 {[%emt 0:00:06]} Qd6 {[%emt 0:00:06]} 26. Nc4 {[%emt 0:00:05]} Qd7 {[%emt 0:00:04]} 27. Kh2 {[%emt 0:00:03]} Ne6 {[%emt 0:00:03]} 28. Qe3 {[%emt 0:00:08]} b5 {[%emt 0:00:05]} 29. Nd2 {[%emt 0:00:01]} Nh7 {[%emt 0:00:06]} 30. f4 {[%emt 0:00:02]} Qc7 {[%emt 0:00:07]} 31. f5 {[%emt 0:00:03]} Qf4 {[%emt 0:00:05]} 32. Qxf4 {[%emt 0:00:31]} Nxf4 {[%emt 0:00:03]} 33. Nf3 {[%emt 0:00:08]} Nd3 {[%emt 0:00:02]} 34. Nd4 {[%emt 0:00:01]} c5 {[%emt 0:00:07]} 35. Nxb5 {[%emt 0:00:02]} Nxb2 {[%emt 0:00:01]} 36. Nd6 {[%emt 0:00:04]} Nf6 {[%emt 0:00:05]} 37. e5 {[%emt 0:00:01]} Nd5 {[%emt 0:00:02]} 38. c4 {[%emt 0:00:01]} Nb6 {[%emt 0:00:02]} 39. e6 {[%emt 0:00:04]} fxe6 {[%emt 0:00:03]} 40. fxe6 {[%emt 0:00:00]} Kf8 {[%emt 0:00:02]} 41. Ngf5 {[%emt 0:00:01]} N2xc4 {[%emt 0:00:16]} 42. e7+ {[%emt 0:00:02]} Kg8 {[%emt 0:00:03]} 43. e8=Q+ {[%emt 0:00:01]} Kh7 {[%emt 0:00:01]} 44. Qf7 {[%emt 0:00:08]} Nxd6 {[%emt 0:00:04]} 45. Qxg7# {[%emt 0:00:01] (Lag: Av=1.01s, max=2.2s)} 1-0

[Event "Stay Safe Play From Home 288"]
[Site "Emanuel Lasker Arena"]
[Date "2020.07.08"]
[Round "1"]
[White "VotaryRoma"]
[Black "Timbre"]
[Result "1-0"]
[WhiteElo "1845"]
[BlackElo "1570"]
[Annotator "NA"]
[PlyCount "37"]
[EventDate "2020.07.08"]
[EventType "swiss (blitz)"]

1. Nf3 {[%emt 0:00:03]} d5 {[%emt 0:00:02]} 2. d4 {[%emt 0:00:02]} c6 {[%emt 0:00:01]} 3. g3 {[%emt 0:00:01]} Nf6 {[%emt 0:00:01]} 4. Bg2 {[%emt 0:00:00]} Bf5 {[%emt 0:00:02]} 5. O-O {[%emt 0:00:01]} e6 {[%emt 0:00:01]} 6. c4 {[%emt 0:00:01]} Be7 {[%emt 0:00:01]} 7. Nc3 {[%emt 0:00:00]} Nbd7 {[%emt 0:00:01]} 8. Qb3 {[%emt 0:00:02]} b6 {[%emt 0:00:06]} 9. Bg5 {[%emt 0:00:04]} O-O {[%emt 0:00:02]} 10. Rfd1 {[%emt 0:00:03]} h6 {[%emt 0:00:04]} 11. Bxf6 {[%emt 0:00:02]} Nxf6 {[%emt 0:00:03]} 12. Ne5 {[%emt 0:00:01]} Rc8 {[%emt 0:00:09]} 13. Rac1 {[%emt 0:00:02]} dxc4 {[%emt 0:00:03]} 14. Qxc4 {[%emt 0:00:02]} c5 {[%emt 0:00:01]} 15. dxc5 {[%emt 0:00:04]} Rxc5 {[%emt 0:00:03]} 16. Rxd8 {[%emt 0:00:02]} Rxc4 {[%emt 0:00:02]} 17. Rxf8+ {[%emt 0:00:00]} Kxf8 {[%emt 0:00:04]} 18. Nxc4 {[%emt 0:00:00]} Bc5 {[%emt 0:00:06]} 19. e3 {[%emt 0:00:04] Timbre resigns (Lag: Av=0.65s, max=4.8s)} 1-0

[Event "Stay Safe Play From Home 288"]
[Site "Emanuel Lasker Arena"]
[Date "2020.07.08"]
[Round "1"]
[White "Haris kollari 13"]
[Black "Justwatch"]
[Result "1-0"]
[WhiteElo "1832"]
[BlackElo "1536"]
[Annotator "NA"]
[PlyCount "51"]
[EventDate "2020.07.08"]
[EventType "swiss (blitz)"]

1. e4 {[%emt 0:00:02]} Nf6 {[%emt 0:00:02]} 2. e5 {[%emt 0:00:02]} Nd5 {[%emt 0:00:00]} 3. c4 {[%emt 0:00:01]} Nb4 {[%emt 0:00:00]} 4. d4 {[%emt 0:00:04]} N4c6 {[%emt 0:00:00]} 5. f4 {[%emt 0:00:03]} d6 {[%emt 0:00:00]} 6. Nf3 {[%emt 0:00:01]} dxe5 {[%emt 0:00:01]} 7. fxe5 {[%emt 0:00:01]} Bg4 {[%emt 0:00:01]} 8. Be3 {[%emt 0:00:01]} Bxf3 {[%emt 0:00:00]} 9. gxf3 {[%emt 0:00:01]} e6 {[%emt 0:00:02]} 10. Nc3 {[%emt 0:00:04]} Bb4 {[%emt 0:00:00]} 11. Qd2 {[%emt 0:00:03]} Bxc3 {[%emt 0:00:00]} 12. bxc3 {[%emt 0:00:02]} O-O {[%emt 0:00:00]} 13. Bd3 {[%emt 0:00:02]} Qh4+ {[%emt 0:00:01]} 14. Bf2 {[%emt 0:00:02]} Qh3 {[%emt 0:00:02]} 15. Be4 {[%emt 0:00:03]} f5 {[%emt 0:00:04]} 16. exf6 {[%emt 0:00:02]} Rxf6 {[%emt 0:00:01]} 17. O-O-O {[%emt 0:00:01]} Na5 {[%emt 0:00:02]} 18. Qd3 {[%emt 0:00:03]} Qg2 {[%emt 0:00:03]} 19. Rdf1 {[%emt 0:00:10]} Nbc6 {[%emt 0:00:01]} 20. Kb1 {[%emt 0:00:02]} Qg5 {[%emt 0:00:05]} 21. Be3 {[%emt 0:00:02]} Qh4 {[%emt 0:00:03]} 22. Rhg1 {[%emt 0:00:04]} e5 {[%emt 0:00:06]} 23. d5 {[%emt 0:00:05]} Ne7 {[%emt 0:00:02]} 24. Bg5 {[%emt 0:00:01]} Qxh2 {[%emt 0:00:03]} 25. Bxf6 {[%emt 0:00:01]} g6 {[%emt 0:00:01]} 26. Bxe7 {[%emt 0:00:01] Justwatch terk eder (Lag: Av=0.50s, max=0.7s)} 1-0

[Event "Stay Safe Play From Home 288"]
[Site "Emanuel Lasker Arena"]
[Date "2020.07.08"]
[Round "1"]
[White "Klasman"]
[Black "Greblah"]
[Result "0-1"]
[WhiteElo "1564"]
[BlackElo "2002"]
[PlyCount "94"]
[EventDate "2020.07.08"]
[EventType "swiss (blitz)"]

1. f4 {[%emt 0:00:02]} c6 {[%emt 0:00:00]} 2. e4 {[%emt 0:00:02]} d5 {[%emt 0:00:00]} 3. e5 {[%emt 0:00:01]} Bf5 {[%emt 0:00:02]} 4. Nf3 {[%emt 0:00:02]} e6 {[%emt 0:00:01]} 5. d4 {[%emt 0:00:01]} Ne7 {[%emt 0:00:03]} 6. c4 {[%emt 0:00:01]} dxc4 {[%emt 0:00:02]} 7. Bxc4 {[%emt 0:00:02]} Nd5 {[%emt 0:00:01]} 8. Nc3 {[%emt 0:00:03]} Nd7 {[%emt 0:00:02]} 9. Qb3 {[%emt 0:00:03]} Qb6 {[%emt 0:00:11]} 10. O-O {[%emt 0:00:03]} Qxb3 {[%emt 0:00:03]} 11. Bxb3 {[%emt 0:00:08]} Be7 {[%emt 0:00:04]} 12. Nxd5 {[%emt 0:00:04]} cxd5 {[%emt 0:00:03]} 13. Be3 {[%emt 0:00:02]} Rc8 {[%emt 0:00:04]} 14. Rac1 {[%emt 0:00:02]} O-O {[%emt 0:00:01]} 15. Rc3 {[%emt 0:00:17]} Rxc3 {[%emt 0:00:03]} 16. bxc3 {[%emt 0:00:01]} Nb6 {[%emt 0:00:01]} 17. Rc1 {[%emt 0:00:10]} Ba3 {[%emt 0:00:02]} 18. Re1 {[%emt 0:00:20]} Rc8 {[%emt 0:00:04]} 19. Bd2 {[%emt 0:00:19]} Nc4 {[%emt 0:00:05]} 20. Bxc4 {[%emt 0:00:02]} Rxc4 {[%emt 0:00:05]} 21. Kf2 {[%emt 0:00:11]} Kf8 {[%emt 0:00:06]} 22. Ke3 {[%emt 0:00:12]} b6 {[%emt 0:00:02]} 23. h3 {[%emt 0:00:06]} h6 {[%emt 0:00:02]} 24. g4 {[%emt 0:00:01]} Be4 {[%emt 0:00:01]} 25. Nh4 {[%emt 0:00:07]} Be7 {[%emt 0:00:05]} 26. Nf3 {[%emt 0:00:06]} Ra4 {[%emt 0:00:01]} 27. Ra1 {[%emt 0:00:11]} Ra3 {[%emt 0:00:02]} 28. Be1 {[%emt 0:00:20]} Bb4 {[%emt 0:00:05]} 29. Rc1 {[%emt 0:00:27]} Ba5 {[%emt 0:00:10]} 30. Nd2 {[%emt 0:00:07]} Rxc3+ {[%emt 0:00:08]} 31. Rxc3 {[%emt 0:00:03]} Bxc3 {[%emt 0:00:01]} 32. Nxe4 {[%emt 0:00:04]} Bxe1 {[%emt 0:00:01]} 33. Nd6 {[%emt 0:00:18]} a5 {[%emt 0:00:14]} 34. a4 {[%emt 0:00:05]} Ke7 {[%emt 0:00:20]} 35. Nc8+ {[%emt 0:00:02]} Kd8 {[%emt 0:00:05]} 36. Nxb6 {[%emt 0:00:01]} Kc7 {[%emt 0:00:01]} 37. Nxd5+ {[%emt 0:00:20]} exd5 {[%emt 0:00:02]} 38. f5 {[%emt 0:00:01]} Kd7 {[%emt 0:00:02]} 39. h4 {[%emt 0:00:04]} Bb4 {[%emt 0:00:01]} 40. g5 {[%emt 0:00:06]} Be7 {[%emt 0:00:03]} 41. Kf4 {[%emt 0:00:01]} h5 {[%emt 0:00:04]} 42. f6 {[%emt 0:00:10]} gxf6 {[%emt 0:00:06]} 43. gxf6 {[%emt 0:00:02]} Bb4 {[%emt 0:00:03]} 44. Kg5 {[%emt 0:00:01]} Bc3 {[%emt 0:00:01]} 45. Kxh5 {[%emt 0:00:02]} Bxd4 {[%emt 0:00:01]} 46. Kg5 {[%emt 0:00:02]} Bxe5 {[%emt 0:00:02]} 47. h5 {[%emt 0:00:01]} Ke6 {[%emt 0:00:01] Time (Lag: Av=0.33s, max=1.0s)} 0-1

[Event "Stay Safe Play From Home 288"]
[Site "Emanuel Lasker Arena"]
[Date "2020.07.08"]
[Round "1"]
[White "W Nelles"]
[Black "Sfantul321"]
[Result "0-1"]
[WhiteElo "1287"]
[BlackElo "1977"]
[Annotator "NA"]
[PlyCount "100"]
[EventDate "2020.07.08"]
[EventType "swiss (blitz)"]

1. e4 {[%emt 0:00:08]} g6 {[%emt 0:00:01]} 2. d4 {[%emt 0:00:03]} d6 {[%emt 0:00:01]} 3. c3 {[%emt 0:00:03]} Bg7 {[%emt 0:00:00]} 4. Nf3 {[%emt 0:00:03]} Nf6 {[%emt 0:00:01]} 5. Bd3 {[%emt 0:00:02]} Bg4 {[%emt 0:00:02]} 6. O-O {[%emt 0:00:03]} O-O {[%emt 0:00:01]} 7. Nbd2 {[%emt 0:00:03]} c5 {[%emt 0:00:01]} 8. d5 {[%emt 0:00:04]} a6 {[%emt 0:00:03]} 9. h3 {[%emt 0:00:01]} Bc8 {[%emt 0:00:03]} 10. Nh2 {[%emt 0:00:09]} b5 {[%emt 0:00:02]} 11. Be2 {[%emt 0:00:05]} c4 {[%emt 0:00:02]} 12. Bg4 {[%emt 0:00:02]} Nbd7 {[%emt 0:00:02]} 13. Ndf3 {[%emt 0:00:11]} Nxg4 {[%emt 0:00:02]} 14. Nxg4 {[%emt 0:00:04]} h5 {[%emt 0:00:01]} 15. Nh6+ {[%emt 0:00:02]} Kh7 {[%emt 0:00:02]} 16. g4 {[%emt 0:00:10]} Bxh6 {[%emt 0:00:01]} 17. Bxh6 {[%emt 0:00:02]} Kxh6 {[%emt 0:00:01]} 18. Qd2+ {[%emt 0:00:07]} Kg7 {[%emt 0:00:03]} 19. gxh5 {[%emt 0:00:08]} Nf6 {[%emt 0:00:01]} 20. h6+ {[%emt 0:00:07]} Kh8 {[%emt 0:00:02]} 21. Ng5 {[%emt 0:00:01]} Nh7 {[%emt 0:00:06]} 22. Nxh7 {[%emt 0:00:01]} Kxh7 {[%emt 0:00:01]} 23. Qg5 {[%emt 0:00:04]} Bxh3 {[%emt 0:00:04]} 24. Rfe1 {[%emt 0:00:05]} Qd7 {[%emt 0:00:01]} 25. Re3 {[%emt 0:00:03]} Qg4+ {[%emt 0:00:02]} 26. Qxg4 {[%emt 0:00:03]} Bxg4 {[%emt 0:00:01]} 27. Rg3 {[%emt 0:00:02]} Bh5 {[%emt 0:00:02]} 28. f4 {[%emt 0:00:03]} Kxh6 {[%emt 0:00:01]} 29. Rh3 {[%emt 0:00:03]} e6 {[%emt 0:00:02]} 30. Rf1 {[%emt 0:00:05]} exd5 {[%emt 0:00:02]} 31. exd5 {[%emt 0:00:05]} f5 {[%emt 0:00:01]} 32. Re1 {[%emt 0:00:03]} Rae8 {[%emt 0:00:02]} 33. Rxe8 {[%emt 0:00:05]} Rxe8 {[%emt 0:00:01]} 34. Rh2 {[%emt 0:00:06]} Re2 {[%emt 0:00:02]} 35. Rxe2 {[%emt 0:00:03]} Bxe2 {[%emt 0:00:01]} 36. Kf2 {[%emt 0:00:03]} Bd3 {[%emt 0:00:01]} 37. a3 {[%emt 0:00:04]} Be4 {[%emt 0:00:01]} 38. Ke3 {[%emt 0:00:02]} Bxd5 {[%emt 0:00:01]} 39. Kd4 {[%emt 0:00:01]} Bc6 {[%emt 0:00:01]} 40. a4 {[%emt 0:00:05]} g5 {[%emt 0:00:02]} 41. axb5 {[%emt 0:00:03]} axb5 {[%emt 0:00:01]} 42. fxg5+ {[%emt 0:00:02]} Kxg5 {[%emt 0:00:01]} 43. Ke3 {[%emt 0:00:01]} f4+ {[%emt 0:00:01]} 44. Kf2 {[%emt 0:00:01]} Kg4 {[%emt 0:00:01]} 45. Kg1 {[%emt 0:00:03]} Kf3 {[%emt 0:00:01]} 46. Kf1 {[%emt 0:00:01]} Ke3 {[%emt 0:00:00]} 47. Ke1 {[%emt 0:00:01]} f3 {[%emt 0:00:01]} 48. Kf1 {[%emt 0:00:02]} Kd2 {[%emt 0:00:02]} 49. Kf2 {[%emt 0:00:03]} Kc2 {[%emt 0:00:01]} 50. Ke3 {[%emt 0:00:01]} Kxb2 {[%emt 0:00:01] W Nelles gibt auf (Lag: Av=0.47s, max=0.8s)} 0-1

[Event "Stay Safe Play From Home 288"]
[Site "Emanuel Lasker Arena"]
[Date "2020.07.08"]
[Round "1"]
[White "yashjain14"]
[Black "Ironmike"]
[Result "0-1"]
[WhiteElo "1172"]
[BlackElo "1868"]
[Annotator "NA"]
[PlyCount "62"]
[EventDate "2020.07.08"]
[EventType "swiss (blitz)"]
[BlackTeam "SV Horst-Emscher I"]

{- Dönges, Dirk (1820)} 1. e3 {[%emt 0:00:03]} d5 {[%emt 0:00:01]} 2. Nf3 {[%emt 0:00:01]} Nd7 {[%emt 0:00:03]} 3. g3 {[%emt 0:00:02]} e5 {[%emt 0:00:02]} 4. d4 {[%emt 0:00:03]} e4 {[%emt 0:00:01]} 5. Nfd2 {[%emt 0:00:03]} Ngf6 {[%emt 0:00:05]} 6. Nc3 {[%emt 0:00:01]} Bb4 {[%emt 0:00:03]} 7. Bg2 {[%emt 0:00:01]} O-O {[%emt 0:00:06]} 8. O-O {[%emt 0:00:01]} b6 {[%emt 0:00:02]} 9. a3 {[%emt 0:00:02]} Bxc3 {[%emt 0:00:01]} 10. bxc3 {[%emt 0:00:01]} Ba6 {[%emt 0:00:00]} 11. Re1 {[%emt 0:00:05]} c5 {[%emt 0:00:02]} 12. Bb2 {[%emt 0:00:04]} c4 {[%emt 0:00:01]} 13. Nb1 {[%emt 0:00:08]} Ne8 {[%emt 0:00:03]} 14. f3 {[%emt 0:00:03]} f5 {[%emt 0:00:01]} 15. fxe4 {[%emt 0:00:02]} fxe4 {[%emt 0:00:00]} 16. Rf1 {[%emt 0:00:01]} Nef6 {[%emt 0:00:06]} 17. Bh3 {[%emt 0:00:06]} Rf7 {[%emt 0:00:03]} 18. Be6 {[%emt 0:00:03]} Bc8 {[%emt 0:00:12]} 19. Bxf7+ {[%emt 0:00:02]} Kxf7 {[%emt 0:00:01]} 20. Rxf6+ {[%emt 0:00:08]} Nxf6 {[%emt 0:00:04]} 21. Qf1 {[%emt 0:00:03]} Kg8 {[%emt 0:00:01]} 22. Nd2 {[%emt 0:00:03]} Qe7 {[%emt 0:00:01]} 23. Qf4 {[%emt 0:00:03]} Be6 {[%emt 0:00:02]} 24. Nf1 {[%emt 0:00:02]} Rf8 {[%emt 0:00:00]} 25. Qh4 {[%emt 0:00:08]} Qf7 {[%emt 0:00:06]} 26. h3 {[%emt 0:00:03]} Qg6 {[%emt 0:00:02]} 27. g4 {[%emt 0:00:04]} Bxg4 {[%emt 0:00:25]} 28. hxg4 {[%emt 0:00:04]} Nxg4 {[%emt 0:00:00]} 29. Qh1 {[%emt 0:00:10]} Nxe3+ {[%emt 0:00:13]} 30. Kh2 {[%emt 0:00:13]} Rf2+ {[%emt 0:00:02]} 31. Kh3 {[%emt 0:00:03]} Qg4# {[%emt 0:00:01] (Lag: Av=0.93s, max=1.2s)} 0-1

[Event "Stay Safe Play From Home 288"]
[Site "Emanuel Lasker Arena"]
[Date "2020.07.08"]
[Round "2"]
[White "Position"]
[Black "Haris kollari 13"]
[Result "1-0"]
[WhiteElo "1998"]
[BlackElo "1837"]
[Annotator "NA"]
[PlyCount "59"]
[EventDate "2020.07.08"]
[EventType "swiss (blitz)"]

1. e4 {[%emt 0:00:02]} e6 {[%emt 0:00:01]} 2. Nf3 {[%emt 0:00:02]} d5 {[%emt 0:00:01]} 3. Nc3 {[%emt 0:00:00]} Nf6 {[%emt 0:00:04]} 4. e5 {[%emt 0:00:01]} Nfd7 {[%emt 0:00:02]} 5. d4 {[%emt 0:00:00]} c5 {[%emt 0:00:01]} 6. dxc5 {[%emt 0:00:00]} Bxc5 {[%emt 0:00:02]} 7. Bd3 {[%emt 0:00:01]} Nc6 {[%emt 0:00:01]} 8. Bf4 {[%emt 0:00:01]} a6 {[%emt 0:00:01]} 9. O-O {[%emt 0:00:01]} b5 {[%emt 0:00:04]} 10. a3 {[%emt 0:00:03]} Qc7 {[%emt 0:00:07]} 11. Re1 {[%emt 0:00:02]} Bb7 {[%emt 0:00:09]} 12. Bg3 {[%emt 0:00:02]} g6 {[%emt 0:00:05]} 13. Nxd5 {[%emt 0:00:03]} exd5 {[%emt 0:00:06]} 14. e6 {[%emt 0:00:01]} Bd6 {[%emt 0:00:00]} 15. exd7+ {[%emt 0:00:02]} Kxd7 {[%emt 0:00:02]} 16. Ng5 {[%emt 0:00:07]} Bxg3 {[%emt 0:00:06]} 17. hxg3 {[%emt 0:00:01]} Raf8 {[%emt 0:00:17]} 18. Qf3 {[%emt 0:00:13]} Ne5 {[%emt 0:00:09]} 19. Qf6 {[%emt 0:00:05]} Nxd3 {[%emt 0:00:12]} 20. Re7+ {[%emt 0:00:03]} Kc8 {[%emt 0:00:01]} 21. Rxc7+ {[%emt 0:00:01]} Kxc7 {[%emt 0:00:01]} 22. cxd3 {[%emt 0:00:01]} h6 {[%emt 0:00:01]} 23. Rc1+ {[%emt 0:00:02]} Kb8 {[%emt 0:00:02]} 24. Nxf7 {[%emt 0:00:09]} Rh7 {[%emt 0:00:05]} 25. Qd6+ {[%emt 0:00:02]} Ka7 {[%emt 0:00:01]} 26. Qxf8 {[%emt 0:00:02]} g5 {[%emt 0:00:01]} 27. Rc7 {[%emt 0:00:10]} Kb6 {[%emt 0:00:02]} 28. Qc5+ {[%emt 0:00:01]} Ka5 {[%emt 0:00:02]} 29. Rxb7 {[%emt 0:00:06]} Rxf7 {[%emt 0:00:01]} 30. Qb4# {[%emt 0:00:01] (Lag: Av=0.80s, max=2.6s)} 1-0

[Event "Stay Safe Play From Home 288"]
[Site "Emanuel Lasker Arena"]
[Date "2020.07.08"]
[Round "2"]
[White "Sfantul321"]
[Black "Lazieri3"]
[Result "1/2-1/2"]
[WhiteElo "1978"]
[BlackElo "2075"]
[Annotator "NA"]
[PlyCount "125"]
[EventDate "2020.07.08"]
[EventType "swiss (blitz)"]

1. e4 {[%emt 0:00:03]} c6 {[%emt 0:00:00]} 2. d4 {[%emt 0:00:01]} d5 {[%emt 0:00:00]} 3. exd5 {[%emt 0:00:00]} cxd5 {[%emt 0:00:01]} 4. c4 {[%emt 0:00:00]} Nf6 {[%emt 0:00:07]} 5. Nc3 {[%emt 0:00:01]} Nc6 {[%emt 0:00:01]} 6. Nf3 {[%emt 0:00:01]} Bg4 {[%emt 0:00:01]} 7. Be3 {[%emt 0:00:01]} e6 {[%emt 0:00:02]} 8. c5 {[%emt 0:00:03]} Be7 {[%emt 0:00:01]} 9. Be2 {[%emt 0:00:02]} O-O {[%emt 0:00:01]} 10. h3 {[%emt 0:00:01]} Bh5 {[%emt 0:00:01]} 11. O-O {[%emt 0:00:01]} a6 {[%emt 0:00:06]} 12. a3 {[%emt 0:00:02]} Re8 {[%emt 0:00:11]} 13. b4 {[%emt 0:00:03]} Qd7 {[%emt 0:00:12]} 14. Na4 {[%emt 0:00:06]} Qc7 {[%emt 0:00:07]} 15. Nb6 {[%emt 0:00:02]} Rad8 {[%emt 0:00:01]} 16. Qd2 {[%emt 0:00:01]} Ne4 {[%emt 0:00:02]} 17. Qc1 {[%emt 0:00:01]} e5 {[%emt 0:00:10]} 18. dxe5 {[%emt 0:00:05]} Nxe5 {[%emt 0:00:01]} 19. Nd4 {[%emt 0:00:01]} Bxe2 {[%emt 0:00:02]} 20. Nxe2 {[%emt 0:00:01]} Nc6 {[%emt 0:00:27]} 21. Qc2 {[%emt 0:00:08]} Bf6 {[%emt 0:00:01]} 22. Rad1 {[%emt 0:00:02]} Qe5 {[%emt 0:00:20]} 23. Nd4 {[%emt 0:00:08]} Qh5 {[%emt 0:00:10]} 24. Qd3 {[%emt 0:00:12]} Ne5 {[%emt 0:00:05]} 25. Qe2 {[%emt 0:00:05]} Qxe2 {[%emt 0:00:06]} 26. Nxe2 {[%emt 0:00:01]} Nc4 {[%emt 0:00:03]} 27. Nxc4 {[%emt 0:00:02]} dxc4 {[%emt 0:00:00]} 28. Rc1 {[%emt 0:00:12]} Rd3 {[%emt 0:00:24]} 29. Rxc4 {[%emt 0:00:08]} Rxa3 {[%emt 0:00:01]} 30. Rd1 {[%emt 0:00:04]} Ra2 {[%emt 0:00:09]} 31. Nf4 {[%emt 0:00:10]} h6 {[%emt 0:00:09]} 32. Rd7 {[%emt 0:00:05]} Bg5 {[%emt 0:00:16]} 33. Nd5 {[%emt 0:00:14]} Bxe3 {[%emt 0:00:03]} 34. fxe3 {[%emt 0:00:01]} Nf6 {[%emt 0:00:20]} 35. Nxf6+ {[%emt 0:00:03]} gxf6 {[%emt 0:00:00]} 36. Rg4+ {[%emt 0:00:12]} Kf8 {[%emt 0:00:02]} 37. Rf4 {[%emt 0:00:08]} Rxe3 {[%emt 0:00:12]} 38. Rxf6 {[%emt 0:00:01]} Ree2 {[%emt 0:00:07]} 39. Rdxf7+ {[%emt 0:00:05]} Ke8 {[%emt 0:00:09]} 40. Rf2 {[%emt 0:00:02]} Rxf2 {[%emt 0:00:01]} 41. Rxf2 {[%emt 0:00:01]} Ra1+ {[%emt 0:00:05]} 42. Kh2 {[%emt 0:00:01]} Rb1 {[%emt 0:00:00]} 43. Rf4 {[%emt 0:00:01]} Ke7 {[%emt 0:00:01]} 44. Rd4 {[%emt 0:00:04]} Ke6 {[%emt 0:00:01]} 45. Rh4 {[%emt 0:00:02]} Kf5 {[%emt 0:00:04]} 46. Rc4 {[%emt 0:00:06]} Ke5 {[%emt 0:00:03]} 47. c6 {[%emt 0:00:01]} bxc6 {[%emt 0:00:01]} 48. Rxc6 {[%emt 0:00:01]} Rxb4 {[%emt 0:00:01]} 49. Rxh6 {[%emt 0:00:03]} a5 {[%emt 0:00:03]} 50. Rh5+ {[%emt 0:00:01]} Kf4 {[%emt 0:00:02]} 51. Rxa5 {[%emt 0:00:02]} Rb2 {[%emt 0:00:00]} 52. Ra3 {[%emt 0:00:07]} Rc2 {[%emt 0:00:01]} 53. Rg3 {[%emt 0:00:03]} Ra2 {[%emt 0:00:01]} 54. Rg8 {[%emt 0:00:01]} Ra3 {[%emt 0:00:02]} 55. h4 {[%emt 0:00:02]} Kf5 {[%emt 0:00:04]} 56. g3 {[%emt 0:00:02]} Ra1 {[%emt 0:00:04]} 57. Kh3 {[%emt 0:00:01]} Rh1+ {[%emt 0:00:02]} 58. Kg2 {[%emt 0:00:00]} Ra1 {[%emt 0:00:00]} 59. h5 {[%emt 0:00:01]} Kf6 {[%emt 0:00:02]} 60. g4 {[%emt 0:00:03]} Ra8 {[%emt 0:00:01]} 61. Rxa8 {[%emt 0:00:02]} Kg5 {[%emt 0:00:01]} 62. Rg8+ {[%emt 0:00:02]} Kh4 {[%emt 0:00:01]} 63. h6 {[%emt 0:00:01] (Lag: Av=0.54s, max=0.9s)} 1/2-1/2

[Event "Stay Safe Play From Home 288"]
[Site "Emanuel Lasker Arena"]
[Date "2020.07.08"]
[Round "2"]
[White "Ironmike"]
[Black "Greblah"]
[Result "0-1"]
[WhiteElo "1868"]
[BlackElo "2004"]
[PlyCount "84"]
[EventDate "2020.07.08"]
[EventType "swiss (blitz)"]
[WhiteTeam "SV Horst-Emscher I"]

{Dönges, Dirk (1820)} 1. e4 {[%emt 0:00:01]} c6 {[%emt 0:00:01]} 2. Nf3 {[%emt 0:00:00]} d5 {[%emt 0:00:00]} 3. exd5 {[%emt 0:00:00]} cxd5 {[%emt 0:00:01]} 4. d4 {[%emt 0:00:00]} Nc6 {[%emt 0:00:01]} 5. Bb5 {[%emt 0:00:00]} Nf6 {[%emt 0:00:02]} 6. Ne5 {[%emt 0:00:01]} Bd7 {[%emt 0:00:01]} 7. Nxd7 {[%emt 0:00:00]} Qxd7 {[%emt 0:00:01]} 8. O-O {[%emt 0:00:00]} e6 {[%emt 0:00:01]} 9. Nc3 {[%emt 0:00:01]} Be7 {[%emt 0:00:08]} 10. Bg5 {[%emt 0:00:01]} O-O {[%emt 0:00:01]} 11. Kh1 {[%emt 0:00:00]} h6 {[%emt 0:00:01]} 12. Bh4 {[%emt 0:00:01]} Ne8 {[%emt 0:00:04]} 13. Bxe7 {[%emt 0:00:01]} Qxe7 {[%emt 0:00:02]} 14. f4 {[%emt 0:00:01]} Nd6 {[%emt 0:00:02]} 15. Bxc6 {[%emt 0:00:02]} bxc6 {[%emt 0:00:01]} 16. Ne2 {[%emt 0:00:01]} Nc4 {[%emt 0:00:02]} 17. Qd3 {[%emt 0:00:04]} Nxb2 {[%emt 0:00:03]} 18. Qf3 {[%emt 0:00:07]} c5 {[%emt 0:00:07]} 19. Rae1 {[%emt 0:00:04]} cxd4 {[%emt 0:00:04]} 20. Nxd4 {[%emt 0:00:00]} Nc4 {[%emt 0:00:04]} 21. Nf5 {[%emt 0:00:02]} Qf6 {[%emt 0:00:08]} 22. Ne3 {[%emt 0:00:09]} Nd2 {[%emt 0:00:02]} 23. Qe2 {[%emt 0:00:01]} Nxf1 {[%emt 0:00:01]} 24. Ng4 {[%emt 0:00:00]} Ng3+ {[%emt 0:00:20]} 25. hxg3 {[%emt 0:00:01]} Qf5 {[%emt 0:00:04]} 26. Qf3 {[%emt 0:00:07]} Rab8 {[%emt 0:00:20]} 27. Ne5 {[%emt 0:00:09]} Rb2 {[%emt 0:00:12]} 28. g4 {[%emt 0:00:05]} Qxc2 {[%emt 0:00:04]} 29. g5 {[%emt 0:00:04]} hxg5 {[%emt 0:00:09]} 30. fxg5 {[%emt 0:00:01]} Rb1 {[%emt 0:00:08]} 31. Rxb1 {[%emt 0:00:04]} Qxb1+ {[%emt 0:00:01]} 32. Kh2 {[%emt 0:00:00]} Qf5 {[%emt 0:00:02]} 33. Qg3 {[%emt 0:00:03]} Rc8 {[%emt 0:00:12]} 34. g6 {[%emt 0:00:01]} fxg6 {[%emt 0:00:06]} 35. Nxg6 {[%emt 0:00:01]} Qf6 {[%emt 0:00:18]} 36. Nh4 {[%emt 0:00:22]} Rc3 {[%emt 0:00:11]} 37. Qb8+ {[%emt 0:00:02]} Kh7 {[%emt 0:00:06]} 38. Qb1+ {[%emt 0:00:01]} Kh6 {[%emt 0:00:19]} 39. Qe1 {[%emt 0:00:04]} Qf4+ {[%emt 0:00:06]} 40. g3 {[%emt 0:00:06]} Rc2+ {[%emt 0:00:07]} 41. Ng2 {[%emt 0:00:01]} Qe4 {[%emt 0:00:04]} 42. Qd1 {[%emt 0:00:08]} Qxg2# {[%emt 0:00:03] (Lag: Av=0.28s, max=0.4s)} 0-1